Music Quiz

Random Music or Kpop Quiz
Score 0/18 Timer 01:30
0 Plays Today
Question Answer Wrong Answers
Who is the Maknae? ???
98.7%
???
0%
???
0%
???
0%
Which members are Chinese? ???
92.2%
???
2.4%
???
0.5%
???
3.1%
His nickname is Baozi ???
54.7%
???
0.7%
???
1.7%
???
3.3%
Which member has the power of Light? ???
51.7%
???
0.7%
???
1.6%
???
0.8%
His favorite movie is 'Pirates of the Carribean' ???
50.1%
???
7.7%
???
10.7%
???
12.1%
Which member had a waist injury? ???
40.3%
???
1.2%
???
2.9%
???
3%
Which songs ARE from EXO? ???
33.5%
???
2.8%
???
2.3%
???
6.1%
Which members are from Seoul? ???
28.1%
???
0.4%
???
4.2%
???
0.2%
His favorite color is Red, Sky Blue and Black ???
16.1%
???
1.8%
???
2.9%
???
3.4%
He was in the movie 'Salut d'Amour' ???
13.3%
???
1.7%
???
1.2%
???
2.7%
Who is born in Daejeon? ???
10.2%
???
1.7%
???
0.3%
???
1.3%
Which Chinese member is from Qingdao, China? ???
7.6%
???
1.1%
???
0.6%
???
0.1%
Which members are Blood Type O? ???
7.2%
???
1.2%
???
0.6%
???
1.4%
Who is Kim Joon Myeon? ???
4.9%
???
0.1%
???
0.1%
???
0%
Who's birthday is January 12th, 1993? ???
4.5%
???
0.4%
???
0.1%
???
0.1%
'Artificial Love' is in which album? ???
3.8%
???
0.1%
???
0.4%
???
0.1%
Can you guess my bias in EXO? ???
3.3%
???
0.3%
???
0.2%
???
0.1%
Which member likes prank call Suho? ???
2.6%
???
1.6%
???
1.8%
???
0.9%
Remove Ads.
Support Sporcle.
Get the best of Sporcle when you Go Orange. This ad-free experience offers more features, more stats, and more fun while also helping to support Sporcle. Thank you for becoming a member.

You're not logged in!

Compare scores with friends on all Sporcle quizzes.
OR
Log In

Show Comments

Extras

Created Oct 11, 2016ReportNominate
Tags:Kpop Quiz, Exo, Kpop Quiz

Top Quizzes Today


Score Distribution

Your Account Isn't Verified!

In order to create a playlist on Sporcle, you need to verify the email address you used during registration. Go to your Sporcle Settings to finish the process.

Report this User

Report this user for behavior that violates our Community Guidelines.

Details: